000 00684nam a2200301Ia 4500
005 20260401122139.0
008 008 250103s9999 xx 000 0 eng d
020 _a0-631-22026-7
037 _aTB
040 _aEDL
040 _beng
040 _cEDL
041 _2eng
041 _aeng
084 _a811.509 MAC
084 _qEDL
100 _aMacgowan, Christopher
_91232720
245 0 _aTwentieth-Century American Poetry
245 0 _cMacgowan, Christopher
260 _aMalden
260 _bBlackwell Publishing
260 _c2004
300 _a331p
942 _cTB
942 _h811.509 MAC
999 _c1845249
_d1845249